[Event "FRA-chT Top 16 Gp Basse"]
[Site "Chartres"]
[Date "2022.06.18"]
[Round "3.4"]
[White "Solakian Van Eyll, Jerome"]
[Black "Duboue, Peio"]
[Result "0-1"]
[WhiteElo "2248"]
[BlackElo "2426"]
[PlyCount "66"]
[EventDate "2022.06.16"]
[EventType "team-tourn"]
[EventRounds "4"]
[EventCountry "FRA"]
[SourceTitle "CBM 208 Extra"]
[Source "ChessBase"]
[SourceDate "2022.07.31"]
[SourceVersion "1"]
[SourceVersionDate "2022.07.31"]
[SourceQuality "1"]
[WhiteTeam "Paris Club 608"]
[BlackTeam "Echiquier de l'Erdre"]
[WhiteTeamCountry "FRA"]
[BlackTeamCountry "FRA"]

1. d4 d5 2. Nc3 Nf6 3. Bf4 c5 4. e4 Nxe4 5. Nxe4 dxe4 6. dxc5 Qa5+ 7. c3 Qxc5 8. Qa4+ Nc6 9. Qxe4 Bf5 10. Qa4 e5 11. Be3 Qa5 12. Qxa5 Nxa5 13. 0-0-0 Be7 14. Bb5+ Nc6 15. Nf3 f6 16. Bc4 Bd7 17. Rd2 0-0-0 18. Rhd1 Kc7 19. b4 b6 20. Kb2 g5 21. Kb3 Bc8 22. a4 Rxd2 23. Rxd2 a5 24. b5 Nb8 25. Ne1 Nd7 26. f3 Rd8 27. Nd3 f5 28. Bd5 Nf6 29. Bc6 f4 30. Nxe5 fxe3 31. Re2 Bc5 32. g4 h6 33. Kc2 Be6 0-1

[Event "FRA-chT Top 12"]
[Site "Chalons en Champagne"]
[Date "2021.06.28"]
[Round "5.2"]
[White "Solakian Van Eyll, Jerome"]
[Black "Ternault, Mathieu"]
[Result "0-1"]
[WhiteElo "2285"]
[BlackElo "2308"]
[PlyCount "44"]
[EventDate "2021.06.24"]
[EventType "team-tourn"]
[EventRounds "11"]
[EventCountry "FRA"]
[SourceTitle "CBM 203 Extra"]
[Source "ChessBase"]
[SourceDate "2021.09.30"]
[SourceVersion "1"]
[SourceVersionDate "2021.09.30"]
[SourceQuality "1"]
[WhiteTeam "Paris Club 608"]
[BlackTeam "Agenais Echiquier"]
[WhiteTeamCountry "FRA"]
[BlackTeamCountry "FRA"]

1. e4 e6 2. d4 d5 3. Nc3 Bb4 4. exd5 exd5 5. Bd3 Nc6 6. Nf3 Bg4 7. 0-0 Nge7 8. h3 Bh5 9. a3 Ba5 10. Be3 Bb6 11. g4 Bg6 12. b4 h5 13. b5 Bxd3 14. cxd3 hxg4 15. bxc6 gxf3 16. cxb7 Rxh3 17. bxa8Q Qxa8 18. Ne2 Qc8 19. Ng3 Qg4 20. Ra2 Rh1+ 21. Kxh1 Qh3+ 22. Kg1 Qg2# 0-1

[Event "FRA-chT Top 12"]
[Site "Chalons en Champagne"]
[Date "2021.06.27"]
[Round "4.3"]
[White "Maurizzi, Marc Andria"]
[Black "Solakian Van Eyll, Jerome"]
[Result "1-0"]
[WhiteElo "2503"]
[BlackElo "2285"]
[PlyCount "83"]
[EventDate "2021.06.24"]
[EventType "team-tourn"]
[EventRounds "11"]
[EventCountry "FRA"]
[SourceTitle "CBM 203 Extra"]
[Source "ChessBase"]
[SourceDate "2021.09.30"]
[SourceVersion "1"]
[SourceVersionDate "2021.09.30"]
[SourceQuality "1"]
[WhiteTeam "Chartres"]
[BlackTeam "Paris Club 608"]
[WhiteTeamCountry "FRA"]
[BlackTeamCountry "FRA"]

1. e4 e6 2. d4 d5 3. Nd2 c5 4. exd5 exd5 5. dxc5 Bxc5 6. Nb3 Bb6 7. Nf3 Nf6 8. Be2 0-0 9. 0-0 Nc6 10. c3 Re8 11. Re1 Ne4 12. Nbd4 Bg4 13. Be3 Qf6 14. Qa4 Bxf3 15. Bxf3 Nxd4 16. cxd4 Qf5 17. Qb5 Rad8 18. Rac1 g6 19. h4 h5 20. a4 Qd7 21. Qxd7 Rxd7 22. g3 a6 23. Kg2 Kg7 24. Red1 Ree7 25. Rd3 Rc7 26. Rxc7 Rxc7 27. Rb3 Ba5 28. Bf4 Rd7 29. g4 hxg4 30. Bxg4 f5 31. Bd1 Bd8 32. f3 Nd6 33. Be5+ Kh6 34. f4 Bxh4 35. Rh3 g5 36. fxg5+ Kxg5 37. Rxh4 Nc4 38. Rh5+ Kg6 39. Bf4 Nxb2 40. Rh6+ Kg7 41. Bc2 Rc7 42. Bxf5 1-0

[Event "FRA-chT2"]
[Site "France"]
[Date "2002.03.10"]
[Round "9"]
[White "Castaignet, Laurent"]
[Black "Solakian Van Eyll, Jerome"]
[Result "0-1"]
[WhiteElo "2193"]
[BlackElo "2280"]
[PlyCount "88"]
[EventDate "2002.??.??"]
[EventType "team"]
[EventRounds "11"]
[EventCountry "FRA"]
[SourceTitle "EXT 2003"]
[Source "ChessBase"]
[SourceDate "2002.11.25"]
[SourceVersion "1"]
[SourceVersionDate "2002.11.25"]
[SourceQuality "1"]

1. e4 e5 2. Nf3 Nc6 3. Nc3 Nf6 4. g3 Bb4 5. d3 d5 6. exd5 Qxd5 7. Bg2 Bg4 8. h3 Bh5 9. 0-0 Bxc3 10. bxc3 0-0 11. g4 Bg6 12. Nh4 Qd6 13. Rb1 Rab8 14. f4 exf4 15. c4 Qc5+ 16. Kh1 Nd4 17. Bxf4 Rfe8 18. Nf3 Ne6 19. Bg3 h5 20. Rb5 Qa3 21. Ne5 Nd4 22. Rxb7 Rxb7 23. Bxb7 hxg4 24. hxg4 Qxa2 25. Nxg6 fxg6 26. Bh4 Ne2 27. Re1 Qb2 28. Bf3 Nf4 29. Rxe8+ Nxe8 30. Qd2 Qd4 31. Bg5 Ne6 32. Be3 Qe5 33. Bd5 Nf6 34. d4 Qd6 35. Bf3 g5 36. Qh2 Qa3 37. Qe5 Nf4 38. Bxf4 Qxf3+ 39. Kg1 gxf4 40. Qe6+ Kh7 41. Qf5+ Kg8 42. Qe6+ Kh8 43. Qc8+ Ng8 44. Qf5 Nh6 0-1

[Event "FRA-chT2"]
[Site "France"]
[Date "2001.11.17"]
[Round "2"]
[White "Saiboulatov, Danial"]
[Black "Solakian Van Eyll, Jerome"]
[Result "1-0"]
[WhiteElo "2220"]
[BlackElo "2280"]
[PlyCount "56"]
[EventDate "2002.??.??"]
[EventType "team"]
[EventRounds "11"]
[EventCountry "FRA"]
[SourceTitle "EXT 2003"]
[Source "ChessBase"]
[SourceDate "2002.11.25"]
[SourceVersion "1"]
[SourceVersionDate "2002.11.25"]
[SourceQuality "1"]

1. e4 e5 2. Nf3 Nc6 3. Bb5 Nf6 4. 0-0 Bc5 5. c3 0-0 6. d4 Bb6 7. dxe5 Nxe4 8. Qd5 Nc5 9. Bg5 Ne7 10. Qc4 Ne6 11. Bh4 c6 12. Ba4 d5 13. exd6 Qxd6 14. Bc2 Ng6 15. Bg3 Qc5 16. Nbd2 Nef4 17. Rfe1 Rd8 18. Qxc5 Bxc5 19. Ne4 Bf8 20. Neg5 Nd5 21. h4 h6 22. h5 hxg5 23. hxg6 f6 24. Nd4 Bc5 25. Nf5 Bxf5 26. Bxf5 Bf8 27. Rad1 Re8 28. Be4 Rad8 1-0

[Event "FRA-chT"]
[Site "France"]
[Date "2001.04.29"]
[Round "9.7"]
[White "Solakian Van Eyll, Jerome"]
[Black "Guidarelli, Laurent"]
[Result "1/2-1/2"]
[WhiteElo "2300"]
[BlackElo "2297"]
[PlyCount "126"]
[EventDate "2001.02.02"]
[EventType "team"]
[EventRounds "11"]
[EventCountry "FRA"]
[SourceTitle "EXT 2002"]
[Source "ChessBase"]
[SourceDate "2001.11.25"]
[SourceVersion "1"]
[SourceVersionDate "2001.11.25"]
[SourceQuality "1"]
[WhiteTeam "Noyon"]
[BlackTeam "Orange"]
[WhiteTeamCountry "FRA"]
[BlackTeamCountry "FRA"]

1. Nf3 c5 2. c4 Nf6 3. Nc3 g6 4. g3 Bg7 5. Bg2 0-0 6. 0-0 d5 7. cxd5 Nxd5 8. Nxd5 Qxd5 9. d3 Nc6 10. Be3 Qd6 11. Qc2 b6 12. Rac1 Bb7 13. a3 Rac8 14. Qb1 e5 15. Nd2 Ba8 16. Ne4 Qe7 17. Nc3 f5 18. Bd5+ Kh8 19. f3 Nd4 20. Bxa8 Rxa8 21. Kg2 Nb3 22. Rcd1 a5 23. Qa2 Nd4 24. Bc1 Rfd8 25. e4 Nc6 26. Be3 Qb7 27. h4 Ra7 28. h5 Qf7 29. Qxf7 Rxf7 30. hxg6 hxg6 31. Nd5 Rb8 32. Bg5 Kg8 33. Rc1 Rbb7 34. Rh1 Nd4 35. Rhf1 Ne6 36. Be3 Nc7 37. Nc3 Rd7 38. Rcd1 Rb8 39. Kf2 Bf8 40. Rh1 b5 41. Rd2 b4 42. Na4 Ne6 43. Rc1 Rc7 44. Ke2 bxa3 45. bxa3 Rb3 46. Rc3 Rxc3 47. Nxc3 Nd4+ 48. Bxd4 cxd4 49. Nd5 Rc1 50. Rb2 Ra1 51. f4 fxe4 52. dxe4 Bg7 53. Rb8+ Kh7 54. Rb7 Kh6 55. Ne7 exf4 56. gxf4 Kh5 57. e5 Rxa3 58. Nd5 d3+ 59. Kd2 Bf8 60. e6 Bb4+ 61. Nxb4 axb4 62. e7 Ra8 63. Kxd3 g5 1/2-1/2

[Event "FRA-chT"]
[Site "France"]
[Date "2001.02.04"]
[Round "3.5"]
[White "Hebden, Mark"]
[Black "Solakian Van Eyll, Jerome"]
[Result "1-0"]
[WhiteElo "2522"]
[BlackElo "2300"]
[PlyCount "99"]
[EventDate "2001.02.02"]
[EventType "team"]
[EventRounds "11"]
[EventCountry "FRA"]
[SourceTitle "EXT 2002"]
[Source "ChessBase"]
[SourceDate "2001.11.25"]
[SourceVersion "1"]
[SourceVersionDate "2001.11.25"]
[SourceQuality "1"]
[WhiteTeam "Clichy"]
[BlackTeam "Noyon"]
[WhiteTeamCountry "FRA"]
[BlackTeamCountry "FRA"]

1. d4 e6 2. Nf3 d5 3. c4 c6 4. e3 Nf6 5. Bd3 Nbd7 6. b3 Bb4+ 7. Bd2 Bd6 8. Nc3 0-0 9. 0-0 e5 10. cxd5 cxd5 11. Nb5 Bb8 12. dxe5 Nxe5 13. Bc3 Nxd3 14. Qxd3 a6 15. Bxf6 Qxf6 16. Nc3 Bf5 17. Qd4 Qxd4 18. Nxd4 Be6 19. Rad1 Rd8 20. Rd3 Ba7 21. Rfd1 Rd7 22. Kf1 Rad8 23. h3 h5 24. h4 g6 25. Nce2 Kg7 26. Nf4 Kf6 27. Rc3 Bb6 28. Rdc1 Re7 29. f3 Ba5 30. Rd3 Red7 31. Kf2 Bb6 32. Rdc3 Ba5 33. R3c2 Bb6 34. b4 Re7 35. a4 Rd6 36. a5 Ba7 37. Rc7 Rdd7 38. Rc8 Bf5 39. Ra8 Bxd4 40. exd4 Be6 41. Rac8 Rd6 42. Rb8 Rdd7 43. Rg8 Rc7 44. Rc5 Rxc5 45. bxc5 Rc7 46. Rd8 Ke7 47. Rxd5 Rd7 48. Rxd7+ Kxd7 49. Nxe6 fxe6 50. Ke3 1-0

[Event "Montpellier op 7th"]
[Site "Montpellier"]
[Date "2000.07.??"]
[Round "5"]
[White "Solakian Van Eyll, Jerome"]
[Black "Chatalbashev, Boris"]
[Result "1-0"]
[WhiteElo "2289"]
[BlackElo "2494"]
[PlyCount "171"]
[EventDate "2000.07.05"]
[EventType "swiss"]
[EventRounds "9"]
[EventCountry "FRA"]
[SourceTitle "EXT 2001"]
[Source "ChessBase"]
[SourceDate "2000.11.22"]
[SourceVersion "1"]
[SourceVersionDate "2000.11.22"]
[SourceQuality "1"]

1. d4 g6 2. Nf3 Bg7 3. c4 c5 4. e4 Qb6 5. dxc5 Qxc5 6. Bd3 d6 7. h3 Nd7 8. 0-0 b6 9. Qe2 Bb7 10. Bf4 Rc8 11. Rc1 Qc6 12. Nc3 Bxc3 13. Rxc3 e5 14. Be3 Ngf6 15. Nd2 Nc5 16. f3 Ke7 17. Rac1 Ne6 18. Qf2 Nh5 19. Ra3 Ra8 20. Nb1 Nhf4 21. Bf1 f5 22. Nc3 Kf7 23. Nd5 fxe4 24. fxe4 Kg7 25. g3 Nh5 26. Qd2 h6 27. Kh2 g5 28. Be2 Nf6 29. Bf3 Rhf8 30. Bg2 Qe8 31. Qe2 Bxd5 32. cxd5 Nc5 33. Bg1 a5 34. Re3 Rc8 35. Rf1 Qg6 36. g4 h5 37. Bf2 Rf7 38. Bg3 h4 39. Be1 Ng8 40. Rf5 Ne7 41. Rxf7+ Qxf7 42. Rf3 Qg6 43. Rf1 Rf8 44. Rxf8 Kxf8 45. Bd2 Qf6 46. Be3 Ng6 47. Qb5 Qd8 48. Qc6 Kg7 49. b3 Nf4 50. Bf3 Nfd3 51. a3 Ne1 52. Bg2 Nc2 53. Bxc5 bxc5 54. Qb7+ Kg6 55. a4 Nd4 56. Kg1 Ne2+ 57. Kf2 Nf4 58. Bf1 Qf8 59. Ke3 Kh6 60. Qd7 Ng6 61. Qf5 Qxf5 62. gxf5 Nf4 63. Kf3 Kh5 64. Bg2 Kh6 65. Bf1 Nh5 66. Ke3 Nf6 67. Be2 Kg7 68. Bd1 Nd7 69. Bf3 c4 70. bxc4 Nb6 71. c5 dxc5 72. Kd3 Kf7 73. Bd1 Ke7 74. Kc3 Kd6 75. Kd3 Nd7 76. Kc4 Nf6 77. Kb5 Nd7 78. Bf3 c4 79. Kxc4 Nc5 80. Kb5 Nb3 81. Kb6 Nd2 82. Bg2 Nc4+ 83. Kb5 Ne3 84. Bf3 Nc2 85. Kxa5 Nd4 86. Bd1 1-0

[Event "Montpellier op-A"]
[Site "Montpellier"]
[Date "1999.??.??"]
[Round "7"]
[White "Solakian Van Eyll, Jerome"]
[Black "Lupu, Mircea Sergiu"]
[Result "0-1"]
[WhiteElo "2240"]
[BlackElo "2481"]
[PlyCount "76"]
[EventDate "1999.??.??"]
[EventType "swiss"]
[EventRounds "9"]
[EventCountry "FRA"]
[SourceTitle "EXT 2001"]
[Source "ChessBase"]
[SourceDate "2000.11.22"]
[SourceVersion "1"]
[SourceVersionDate "2000.11.22"]
[SourceQuality "1"]

1. e4 c5 2. Nf3 e6 3. d4 cxd4 4. Nxd4 a6 5. Nc3 b5 6. Bd3 Qb6 7. Nb3 Qc7 8. 0-0 b4 9. Ne2 Bb7 10. Ned4 Nf6 11. Qe2 Be7 12. Bg5 h6 13. Bh4 d6 14. Rac1 0-0 15. c3 bxc3 16. Rxc3 Qd8 17. Rfc1 Nbd7 18. Bg3 Nc5 19. Nxc5 dxc5 20. Nb3 Nd7 21. f3 Qb6 22. Bf2 Rfc8 23. Qc2 Bg5 24. Re1 Bf6 25. Rc4 a5 26. Nxc5 Nxc5 27. Rxc5 Rxc5 28. Qxc5 Qxb2 29. Rb1 Qd2 30. Bf1 Rc8 31. Qa7 Bc6 32. Rb8 Rxb8 33. Qxb8+ Kh7 34. e5 Bg5 35. Qa7 Bf4 36. Qxf7 Be3 37. Bxe3 Qxe3+ 38. Kh1 Qe1 0-1

[Event "Montpellier op-A"]
[Site "Montpellier"]
[Date "1999.??.??"]
[Round "5"]
[White "Solakian Van Eyll, Jerome"]
[Black "Magerramov, Elmar S"]
[Result "1/2-1/2"]
[WhiteElo "2240"]
[BlackElo "2563"]
[PlyCount "44"]
[EventDate "1999.??.??"]
[EventType "swiss"]
[EventRounds "9"]
[EventCountry "FRA"]
[SourceTitle "EXT 2001"]
[Source "ChessBase"]
[SourceDate "2000.11.22"]
[SourceVersion "1"]
[SourceVersionDate "2000.11.22"]
[SourceQuality "1"]

1. e4 c5 2. Nf3 d6 3. d4 cxd4 4. Nxd4 Nf6 5. Nc3 a6 6. Be3 Ng4 7. Bg5 h6 8. Bh4 g5 9. Bg3 Bg7 10. Be2 h5 11. Nf5 Bxf5 12. exf5 Bxc3+ 13. bxc3 Nf6 14. h4 g4 15. Rb1 Qd7 16. Qd4 Nc6 17. Qb6 Nd8 18. Bd3 Rc8 19. 0-0 Rxc3 20. Rfe1 Rc6 21. Qd4 0-0 22. Qe3 Kh7 1/2-1/2

[Event "Montpellier op-A"]
[Site "Montpellier"]
[Date "1999.??.??"]
[Round "3"]
[White "Solakian Van Eyll, Jerome"]
[Black "Santo Roman, Marc"]
[Result "1/2-1/2"]
[WhiteElo "2240"]
[BlackElo "2381"]
[PlyCount "93"]
[EventDate "1999.??.??"]
[EventType "swiss"]
[EventRounds "9"]
[EventCountry "FRA"]
[SourceTitle "EXT 2001"]
[Source "ChessBase"]
[SourceDate "2000.11.22"]
[SourceVersion "1"]
[SourceVersionDate "2000.11.22"]
[SourceQuality "1"]

1. Nc3 c5 2. Nf3 d5 3. d4 Nc6 4. dxc5 d4 5. Ne4 Qd5 6. Ned2 e5 7. Nb3 a5 8. a4 Bf5 9. e3 Bxc5 10. exd4 exd4 11. Bd3 Nge7 12. 0-0 0-0 13. Bf4 Bb6 14. Nbd2 Rac8 15. Re1 Rfe8 16. Bc4 Qd7 17. Bb5 Ng6 18. Nc4 Bc5 19. Nfe5 Qd5 20. Ne3 Qe4 21. Nxf5 Qxf4 22. Nxc6 bxc6 23. Rxe8+ Rxe8 24. Bd3 Bb4 25. Qf3 Qxf3 26. gxf3 c5 27. Nd6 Re6 28. Nc4 Nf4 29. Rc1 Nxd3 30. cxd3 Kf8 31. Kg2 Rg6+ 32. Kf1 Rh6 33. Kg2 Re6 34. f4 Ke7 35. Kf3 Rh6 36. Kg3 Rg6+ 37. Kf3 Rh6 38. Kg3 Re6 39. Kf3 Kf6 40. Rg1 h6 41. h4 g6 42. Rh1 Kf5 43. Rf1 Rf6 44. Rg1 Ke6 45. Kg3 Rf5 46. Rc1 Rf6 47. Rc2 1/2-1/2

[Event "FRA-chT"]
[Site "France"]
[Date "1998.04.05"]
[Round "7"]
[White "Dieu, Bruno"]
[Black "Solakian Van Eyll, Jerome"]
[Result "0-1"]
[WhiteElo "2275"]
[BlackElo "2225"]
[PlyCount "144"]
[EventDate "1998.02.06"]
[EventType "team"]
[EventRounds "11"]
[EventCountry "FRA"]
[SourceTitle "CBM 064 Extra"]
[Source "ChessBase"]
[SourceDate "1998.07.07"]
[SourceVersion "1"]
[SourceVersionDate "1998.07.07"]
[SourceQuality "1"]

1. d4 Nf6 2. c4 g6 3. Nc3 Bg7 4. e4 0-0 5. Nge2 c5 6. d5 d6 7. Ng3 e6 8. Be2 exd5 9. exd5 Ne8 10. Bd2 Nd7 11. Qc1 a6 12. 0-0 Rb8 13. a4 b6 14. Bg5 f6 15. Bh6 f5 16. Bxg7 Kxg7 17. f4 Nc7 18. Bd3 Nf6 19. b3 Bd7 20. Nd1 Ng8 21. Ne3 Kf7 22. Qd2 Re8 23. Nc2 Qf6 24. Kh1 a5 25. Ne2 Re7 26. Ng1 Rbe8 27. Nf3 Kg7 28. h3 Kh8 29. Rab1 Qg7 30. Rbe1 Rxe1 31. Rxe1 Rxe1+ 32. Qxe1 Qe7 33. Ne5 dxe5 34. fxe5 Ne8 35. Qa1 Ng7 36. Ne1 Nh6 37. Nf3 Nf7 38. Qc3 Kg8 39. Kh2 Nh5 40. Bf1 Bc8 41. g3 g5 42. e6 Bxe6 43. dxe6 Qxe6 44. Qd2 h6 45. Bg2 Nf6 46. Ng1 Ne4 47. Qd3 Nfd6 48. Ne2 Qe5 49. Bf3 Kg7 50. Kg2 Kf6 51. Bh5 Qb2 52. Bf3 Qd2 53. Bxe4 Nxe4 54. Qf3 Ke5 55. Qh5 Nf6 56. Qf3 Qc2 57. h4 Qe4 58. hxg5 hxg5 59. Nc3 g4 60. Qxe4+ Nxe4 61. Nd5 Nd2 62. Kf2 Nxb3 63. Ke3 Nd4 64. Nxb6 Nc2+ 65. Kd3 f4 66. Nd7+ Kd6 67. Nf6 fxg3 68. Ne4+ Ke5 69. Nxg3 Kf4 70. Nf1 g3 71. Nxg3 Kxg3 72. Kxc2 Kf4 0-1

[Event "FRA-chT U18"]
[Site "France"]
[Date "1996.??.??"]
[Round "?"]
[White "Lerch, Patrice"]
[Black "Solakian Van Eyll, Jerome"]
[Result "1-0"]
[WhiteElo "2280"]
[BlackElo "2215"]
[PlyCount "83"]
[EventDate "1996.??.??"]
[EventType "team"]
[EventRounds "11"]
[EventCountry "FRA"]
[SourceTitle "EXT 2004"]
[Source "ChessBase"]
[SourceDate "2003.11.25"]
[SourceVersion "1"]
[SourceVersionDate "2003.11.25"]
[SourceQuality "1"]

1. e4 Nf6 2. Nc3 d5 3. e5 d4 4. exf6 dxc3 5. fxg7 cxd2+ 6. Qxd2 Qxd2+ 7. Bxd2 Bxg7 8. 0-0-0 Nc6 9. Bc4 Bf5 10. Ne2 Nd4 11. Nxd4 Bxd4 12. Bh6 Bf6 13. f3 Rg8 14. g4 Bc8 15. h4 Be6 16. Bxe6 fxe6 17. c3 Rd8 18. Rxd8+ Kxd8 19. Kd2 Be5 20. h5 Bf6 21. Re1 Kd7 22. Kd3 Bg5 23. Bxg5 Rxg5 24. Ke4 Rd5 25. Re3 Rb5 26. Rd3+ Ke8 27. b4 c5 28. a4 Rb6 29. b5 c4 30. Rd4 a6 31. bxa6 bxa6 32. Rxc4 Rb1 33. Kf4 Kf7 34. Kg5 Kg7 35. h6+ Kf7 36. f4 Rd1 37. Rc5 Rd3 38. c4 Rd4 39. Rc8 Re4 40. Rh8 Rxc4 41. Rxh7+ Kf8 42. Kg6 1-0

[Event "FRA-chT U18"]
[Site "France"]
[Date "1996.??.??"]
[Round "?"]
[White "Solakian Van Eyll, Jerome"]
[Black "Defrance, Laurent"]
[Result "1-0"]
[WhiteElo "2215"]
[BlackElo "1820"]
[PlyCount "45"]
[EventDate "1996.??.??"]
[EventType "team"]
[EventRounds "11"]
[EventCountry "FRA"]
[SourceTitle "EXT 2004"]
[Source "ChessBase"]
[SourceDate "2003.11.25"]
[SourceVersion "1"]
[SourceVersionDate "2003.11.25"]
[SourceQuality "1"]

1. Nc3 d5 2. e4 d4 3. Nce2 e5 4. f4 f6 5. fxe5 fxe5 6. Ng3 Nf6 7. Nf3 Bd6 8. Bc4 Nc6 9. a3 Qe7 10. 0-0 Bg4 11. h3 Bxf3 12. Qxf3 0-0-0 13. Nf5 Qd7 14. Nxg7 Qxg7 15. Qxf6 Qg3 16. Qf3 Qg7 17. d3 Rhf8 18. Qg4+ Qxg4 19. hxg4 Rxf1+ 20. Kxf1 Rf8+ 21. Ke2 Kd7 22. Bd2 Nd8 23. Rh1 1-0

[Event "Le Touquet op 10th"]
[Site "Le Touquet"]
[Date "1995.??.??"]
[Round "?"]
[White "Solakian Van Eyll, Jerome"]
[Black "Dunnington, Angus J"]
[Result "0-1"]
[WhiteElo "2250"]
[BlackElo "2380"]
[PlyCount "32"]
[EventDate "1995.10.??"]
[EventType "swiss"]
[EventRounds "7"]
[EventCountry "FRA"]
[SourceTitle "EXT 2000"]
[Source "ChessBase"]
[SourceDate "1999.11.16"]
[SourceVersion "1"]
[SourceVersionDate "1999.11.16"]
[SourceQuality "1"]

1. b3 e5 2. e4 Nc6 3. Bb2 Nf6 4. f4 Nxe4 5. Qf3 d5 6. fxe5 Bc5 7. Bb5 0-0 8. Bxc6 bxc6 9. Ne2 f6 10. exf6 Nxf6 11. d4 Bg4 12. Qd3 Bxe2 13. Kxe2 Qe8+ 14. Qe3 Qh5+ 15. Qf3 Rae8+ 16. Kd1 Ng4 0-1